Statistics for History by Letter - S

Click here to take the quiz!

General Stats

  • This quiz has been taken 156 times
  • The average score is 10 of 15

Answer Stats

HintAnswer% Correct
Famous 16th Century English playwriteWilliam Shakespeare
94%
Premier of the Soviet Union from 1922-1952Joseph Stalin
88%
City in the Western U.S. colonized by the Mormons in the 1800sSalt Lake City
80%
Capital of South VietnamSaigon
79%
Name for the leader of the Ottoman EmpireSultan
79%
Country annexed by England in 1707Scotland
78%
Economic hub in Southeast Asia, formerly ruled by the BritishSingapore
77%
Bosnian city sieged by Serbian forces during the Bosnia WarSarajevo
75%
Youngest UN-recognized nationSouth Sudan
75%
Most populous city in South AmericaSao Paulo
67%
Island nation that gained independence from Britain in 1948Sri Lanka
67%
Founder of Western PhilosophySocrates
62%
Bloodiest Battle in World War 2Stalingrad
56%
City where the UN was formed in 1945San Francisco
29%
U.S. Secretary of State during the Civil WarWilliam H. Seward
12%

Score Distribution

Percentile by Number Answered

Percent of People with Each Score

Your Score History

You have not taken this quiz